000 00700nam a22002177a 4500
003 UA-OsUOA
001 114226
007 ta
008 20151026b un ||||| |||| 00| 0 ukr d
100 _aМогильова М.М.
090 _a330(477)
_bМ74
942 _cSA
040 _aUA-OsUOA
_bukr
_cUA-OsUOA
_dUA-OsUOA
245 _aІнституціональні аспкти трансформації амортизаційної політики в сільському господарстві
300 _aС.66-73
955 _a0
041 _aukr
080 _a330(477)
773 0 _w114222
_tЕкономіка АПК
_dК.
_d2015
_g10
650 7 _a330 Економіка взагалі
_2UDC
999 _c400379
_d400379